[Event "30th NATO Chess-ch 2019"]
[Site "Berlin"]
[Date "2019.09.19"]
[Round "5.1"]
[White "Binder, Tamas"]
[Black "Papasimakopoulos, Alexandros"]
[Result "1/2-1/2"]
[WhiteElo "2261"]
[BlackElo "2218"]
[Annotator "ChessBase"]
[PlyCount "129"]
[EventDate "2019.09.16"]
[EventType "swiss"]
[EventCountry "GER"]
[SourceTitle "playchess.com"]
[Source "ChessBase"]
[SourceQuality "1"]
[TimeControl "40/7200:1800"]

1. d4 {[%emt 1:59:29]} e6 {[%emt 1:59:29]} 2. Nf3 {[%emt 1:58:40]} Nf6 {[%emt 1:58:40]} 3. Bg5 {[%emt 1:59:39]} c5 {[%emt 1:58:00]} 4. Bxf6 {[%emt 1:59:29]} Qxf6 {[%emt 1:57:51]} 5. e3 {[%emt 1:58:58]} Nc6 {[%emt 1:58:12]} 6. c3 {[%emt 1:54:23]} d5 {[%emt 1:58:00]} 7. Be2 {[%emt 1:58:00]} Bd6 {[%emt 1:52:37]} 8. Nbd2 {[%emt 1:51:23]} O-O {[%emt 1:57:06]} 9. O-O {[%emt 1:51:13]} b6 {[%emt 1:51:13]} 10. Qa4 {[%emt 1:49:58]} Bd7 {[%emt 1:52:33]} 11. Qc2 {[%emt 1:46:31]} e5 {[%emt 1:46:31]} 12. dxe5 {[%emt 1:45:30]} Nxe5 {[%emt 1:43:15]} 13. Nxe5 {[%emt 1:45:20]} Qxe5 {[%emt 1:45:20]} 14. Nf3 {[%emt 1:45:13]} Qh5 {[%emt 1:41:21]} 15. Rfd1 {[%emt 1:41:10]} Rad8 {[%emt 1:41:10]} 16. e4 {[%emt 1:24:56]} Bc6 {[%emt 1:22:19]} 17. exd5 {[%emt 1:35:17]} Bxd5 {[%emt 1:21:28]} 18. h3 {[%emt 1:21:28]} Rfe8 {[%emt 1:34:51]} 19. Re1 {[%emt 1:28:22]} Be4 {[%emt 1:05:28]} 20. Qa4 {[%emt 1:27:26]} Qg6 {[%emt 1:05:27]} 21. Bd3 {[%emt 1:10:35]} Bc6 {[%emt 1:02:41]} 22. Qc2 {[%emt 1:08:57]} Qh5 {[%emt 1:08:57]} 23. Be4 {[%emt 1:06:07]} Bd7 {[%emt 1:06:07]} 24. Rad1 {[%emt 1:01:30]} Be6 {[%emt 1:01:30]} 25. c4 {[%emt 0:59:44]} Bb8 {[%emt 0:50:37]} 26. Bd5 {[%emt 0:50:37]} Qf5 {[%emt 0:58:38]} 27. Qa4 {[%emt 0:42:02]} Bd7 {[%emt 0:53:17]} 28. Bc6 {[%emt 0:50:32]} Bxc6 {[%emt 0:50:32]} 29. Qxc6 {[%emt 0:50:10]} Kf8 {[%emt 0:35:11]} 30. Rxe8+ {[%emt 0:47:07]} Rxe8 {[%emt 0:34:33]} 31. Qd7 {[%emt 0:34:33]} Qf4 {[%emt 0:46:23]} 32. b3 {[%emt 0:45:23]} g6 {[%emt 0:45:23]} 33. Qd2 {[%emt 0:43:39]} Re7 34. Qb2 {[%emt 0:24:07]} f6 {[%emt 0:24:07]} 35. Rd8+ {[%emt 0:39:30]} Kg7 {[%emt 0:23:39]} 36. Qd2 {[%emt 0:38:41]} Qxd2 {[%emt 0:22:03]} 37. Nxd2 {[%emt 0:37:29]} Bc7 {[%emt 0:37:29]} 38. Ra8 {[%emt 0:21:40]} Bf4 {[%emt 0:35:27]} 39. Nf3 {[%emt 0:34:53]} h5 {[%emt 0:20:09]} 40. Kf1 {[%emt 0:34:16]} Rb7 {[%emt 0:34:16]} 41. Rd8 {[%emt 0:18:37]} Re7 {[%emt 0:17:48]} 42. g3 {[%emt 0:31:45]} Bh6 {[%emt 0:31:45]} 43. Ne1 {[%emt 0:31:11]} f5 {[%emt 0:16:26]} 44. Nd3 {[%emt 0:28:48]} Bg5 {[%emt 0:28:48]} 45. Rd5 {[%emt 0:28:01]} Bf6 {[%emt 0:28:01]} 46. Rd6 {[%emt 0:27:03]} g5 {[%emt 0:27:03]} 47. Ne1 {[%emt 0:25:06]} g4 {[%emt 0:05:55]} 48. hxg4 {[%emt 0:24:56]} hxg4 {[%emt 0:05:12]} 49. Ng2 {[%emt 0:24:33]} Bg5 {[%emt 0:04:39]} 50. Ne1 {[%emt 0:23:59]} f4 {[%emt 0:03:45]} 51. Rd5 {[%emt 0:22:57]} Kf6 {[%emt 0:02:02]} 52. gxf4 {[%emt 0:22:20]} Bxf4 {[%emt 0:01:54]} 53. Nd3 Bc7 {[%emt 0:22:14]} 54. a3 {[%emt 0:17:01]} g3 {[%emt 0:29:44]} 55. fxg3 {[%emt 0:45:48]} Bxg3 {[%emt 0:29:42]} 56. b4 {[%emt 0:45:39]} cxb4 {[%emt 0:29:00]} 57. axb4 {[%emt 0:45:31]} Re3 {[%emt 0:25:15]} 58. c5 {[%emt 0:44:12]} Ke6 59. Rd8 {[%emt 0:43:55]} Ke7 {[%emt 0:24:08]} 60. Rd4 {[%emt 0:24:08]} bxc5 {[%emt 0:42:39]} 61. Nxc5 {[%emt 0:23:23]} Re1+ {[%emt 0:22:46]} 62. Kg2 {[%emt 0:22:46]} Bd6 {[%emt 0:42:03]} 63. Nd3 {[%emt 0:22:34]} Re3 {[%emt 0:40:09]} 64. Kf2 {[%emt 0:39:36]} Rh3 {[%emt 0:21:14]} 65. Ke2 {[%emt 0:21:14]} 1/2-1/2

[Event "30th NATO Chess-ch 2019"]
[Site "Berlin"]
[Date "2019.09.19"]
[Round "5.2"]
[White "Graczyk, Damian"]
[Black "Pavlidis, Antonios"]
[Result "1/2-1/2"]
[WhiteElo "2133"]
[BlackElo "2550"]
[Annotator "ChessBase"]
[PlyCount "87"]
[EventDate "2019.09.16"]
[EventType "swiss"]
[EventCountry "GER"]
[SourceTitle "playchess.com"]
[Source "ChessBase"]
[SourceQuality "1"]
[TimeControl "40/7200:1800"]

1. d4 {[%emt 1:59:56]} Nf6 {[%emt 1:59:56]} 2. Nf3 {[%emt 1:59:46]} g6 {[%emt 1:59:30]} 3. c4 {[%emt 1:59:34]} Bg7 {[%emt 1:59:02]} 4. g3 {[%emt 1:59:29]} O-O {[%emt 1:58:48]} 5. Bg2 {[%emt 1:58:48]} d6 {[%emt 1:59:26]} 6. O-O {[%emt 1:59:21]} Nbd7 {[%emt 1:59:21]} 7. Nc3 {[%emt 1:59:17]} e5 {[%emt 1:58:20]} 8. e4 {[%emt 1:59:03]} c6 {[%emt 1:58:12]} 9. h3 {[%emt 1:58:55]} Qb6 {[%emt 1:55:43]} 10. c5 {[%emt 1:58:43]} dxc5 {[%emt 1:55:36]} 11. dxe5 {[%emt 1:55:36]} Ne8 {[%emt 1:58:39]} 12. e6 {[%emt 1:55:09]} fxe6 {[%emt 1:55:00]} 13. Ng5 {[%emt 1:58:32]} Ne5 {[%emt 1:58:32]} 14. f4 {[%emt 1:58:28]} Nf7 {[%emt 1:58:28]} 15. Nxf7 {[%emt 1:58:23]} Bd4+ {[%emt 1:53:42]} 16. Kh2 {[%emt 1:57:58]} Rxf7 {[%emt 1:57:58]} 17. e5 {[%emt 1:57:53]} Qc7 {[%emt 1:52:08]} 18. Ne4 {[%emt 1:52:08]} b6 {[%emt 1:50:44]} 19. h4 {[%emt 1:56:15]} Ba6 {[%emt 1:49:16]} 20. Re1 {[%emt 1:50:26]} Bc4 {[%emt 1:50:26]} 21. Ng5 {[%emt 1:39:45]} Re7 {[%emt 1:47:59]} 22. h5 {[%emt 1:46:11]} Rd8 {[%emt 1:46:11]} 23. Qg4 {[%emt 1:41:39]} Bd3 {[%emt 1:02:48]} 24. Be4 {[%emt 1:37:29]} Bxe4 {[%emt 1:37:29]} 25. Nxe4 {[%emt 1:37:26]} Qd7 {[%emt 1:37:26]} 26. hxg6 {[%emt 1:25:26]} hxg6 {[%emt 0:52:48]} 27. Kg2 {[%emt 1:25:14]} Qd5 {[%emt 0:42:37]} 28. a4 {[%emt 1:13:45]} Rg7 {[%emt 0:34:41]} 29. Ra3 {[%emt 1:11:28]} Rdd7 {[%emt 0:33:40]} 30. Rf3 {[%emt 0:33:40]} Rdf7 {[%emt 0:33:09]} 31. Ng5 {[%emt 0:33:09]} Rf5 {[%emt 1:10:04]} 32. Qh3 {[%emt 1:05:08]} Qc4 {[%emt 0:19:36]} 33. g4 {[%emt 1:02:50]} Qc2+ {[%emt 1:02:50]} 34. Kg3 {[%emt 0:13:05]} Rff7 {[%emt 0:52:06]} 35. Rh1 {[%emt 0:47:40]} Kf8 {[%emt 0:47:40]} 36. Nxe6+ {[%emt 0:47:33]} Ke7 {[%emt 0:47:33]} 37. Nxg7 {[%emt 0:47:28]} Nxg7 {[%emt 0:47:28]} 38. Qh4+ {[%emt 0:02:43]} Kd7 {[%emt 0:44:12]} 39. Qh8 {[%emt 0:41:16]} g5 {[%emt 0:01:20]} 40. Qb8 {[%emt 0:01:20]} gxf4+ {[%emt 0:39:29]} 41. Rxf4 {[%emt 0:02:41]} Qd3+ {[%emt 0:32:41]} 42. Kh4 {[%emt 0:28:56]} Qh7+ {[%emt 0:23:03]} 43. Kg3 {[%emt 0:30:05]} Qd3+ {[%emt 0:22:56]} 44. Kh4 {[%emt 0:22:56]} 1/2-1/2

[Event "30th NATO Chess-ch 2019"]
[Site "Berlin"]
[Date "2019.09.19"]
[Round "5.3"]
[White "Onley, David E"]
[Black "Wang, Eigen"]
[Result "0-1"]
[WhiteElo "2103"]
[BlackElo "2193"]
[Annotator "ChessBase"]
[PlyCount "48"]
[EventDate "2019.09.16"]
[EventType "swiss"]
[EventCountry "GER"]
[SourceTitle "playchess.com"]
[Source "ChessBase"]
[SourceQuality "1"]
[TimeControl "40/7200:1800"]

1. e4 {[%emt 1:59:57]} e6 {[%emt 1:59:56]} 2. d4 {[%emt 1:59:49]} d5 {[%emt 1:59:49]} 3. Nd2 {[%emt 1:59:52]} Be7 {[%emt 1:59:47]} 4. Ngf3 {[%emt 1:59:47]} Nf6 {[%emt 1:59:39]} 5. Bd3 {[%emt 1:56:46]} c5 {[%emt 1:56:46]} 6. e5 {[%emt 1:54:23]} Nfd7 {[%emt 1:59:01]} 7. c4 {[%emt 1:49:58]} Nc6 {[%emt 1:54:03]} 8. cxd5 {[%emt 1:48:37]} exd5 {[%emt 1:48:37]} 9. O-O {[%emt 1:42:20]} cxd4 {[%emt 1:38:04]} 10. Re1 {[%emt 1:38:04]} Nc5 {[%emt 1:33:23]} 11. Bb1 {[%emt 1:33:23]} Bg4 {[%emt 1:28:12]} 12. Nb3 {[%emt 1:28:12]} Ne6 {[%emt 1:25:16]} 13. Qd3 {[%emt 1:11:07]} Qb6 {[%emt 1:20:32]} 14. Bd2 {[%emt 0:46:34]} Bh5 {[%emt 1:13:49]} 15. Qf5 {[%emt 0:38:46]} Bg6 {[%emt 0:38:46]} 16. Qg4 {[%emt 1:10:39]} d3 {[%emt 0:35:10]} 17. Nh4 {[%emt 0:29:04]} Bxh4 {[%emt 0:55:11]} 18. Qxh4 {[%emt 0:28:58]} O-O {[%emt 0:53:32]} 19. Qh3 {[%emt 0:53:32]} Nb4 {[%emt 0:45:16]} 20. Qf3 {[%emt 0:19:19]} a5 {[%emt 0:19:19]} 21. Bxb4 {[%emt 0:12:53]} Qxb4 {[%emt 0:35:21]} 22. Bxd3 {[%emt 0:11:53]} a4 {[%emt 0:34:38]} 23. Bxg6 {[%emt 0:34:38]} hxg6 {[%emt 0:08:07]} 24. Qxd5 {[%emt 0:34:18]} Rfd8 {[%emt 0:06:01]} 0-1

[Event "30th NATO Chess-ch 2019"]
[Site "Berlin"]
[Date "2019.09.19"]
[Round "5.4"]
[White "Everett, Elijah"]
[Black "Mouroutis, Konstantinos"]
[Result "1-0"]
[WhiteElo "2187"]
[BlackElo "2181"]
[Annotator "ChessBase"]
[PlyCount "86"]
[EventDate "2019.09.16"]
[EventType "swiss"]
[EventCountry "GER"]
[SourceTitle "playchess.com"]
[Source "ChessBase"]
[SourceQuality "1"]
[TimeControl "40/7200:1800"]

1. e4 {[%emt 2:00:00]} c5 {[%emt 1:59:56]} 2. Nf3 {[%emt 1:59:49]} Nc6 {[%emt 1:59:40]} 3. d4 {[%emt 1:59:40]} cxd4 {[%emt 1:59:31]} 4. Nxd4 {[%emt 1:59:34]} e5 {[%emt 1:59:34]} 5. Nb5 {[%emt 1:59:23]} a6 {[%emt 1:59:16]} 6. Nd6+ {[%emt 1:59:22]} Bxd6 {[%emt 1:59:11]} 7. Qxd6 {[%emt 1:59:11]} Qf6 {[%emt 1:59:06]} 8. Qd1 {[%emt 1:59:05]} Qg6 {[%emt 1:58:53]} 9. Nc3 {[%emt 1:58:13]} Nf6 {[%emt 1:58:14]} 10. Qd6 {[%emt 1:58:14]} Ng4 {[%emt 1:55:34]} 11. Qxg6 {[%emt 1:55:01]} hxg6 {[%emt 1:55:01]} 12. Nd5 {[%emt 1:57:56]} Rb8 {[%emt 1:50:53]} 13. Bg5 {[%emt 1:44:56]} f6 {[%emt 1:57:03]} 14. Bd2 {[%emt 1:57:03]} Nxh2 {[%emt 1:37:05]} 15. O-O-O {[%emt 1:53:58]} d6 {[%emt 1:34:52]} 16. f3 {[%emt 1:52:57]} f5 {[%emt 1:40:58]} 17. Be3 {[%emt 1:40:58]} Rh4 {[%emt 1:26:39]} 18. Bd3 {[%emt 1:13:12]} f4 {[%emt 1:13:12]} 19. Bf2 {[%emt 1:04:00]} Rh6 {[%emt 1:04:00]} 20. Bg1 {[%emt 1:22:24]} Ng4 {[%emt 1:01:27]} 21. Bb6 {[%emt 1:21:53]} Rxh1 {[%emt 1:17:32]} 22. Rxh1 {[%emt 1:17:32]} Nh6 {[%emt 1:01:00]} 23. Bc7 {[%emt 1:00:39]} Kd7 {[%emt 1:13:38]} 24. Bxb8 {[%emt 1:13:36]} Nxb8 {[%emt 1:13:36]} 25. Nb6+ {[%emt 0:56:39]} Kc7 {[%emt 0:56:39]} 26. Nxc8 {[%emt 0:56:34]} Kxc8 {[%emt 1:13:16]} 27. g4 {[%emt 1:13:16]} fxg3 {[%emt 1:07:12]} 28. Rg1 {[%emt 1:07:12]} Nd7 {[%emt 0:55:33]} 29. Rxg3 {[%emt 1:06:31]} Nf8 {[%emt 1:06:21]} 30. Bc4 {[%emt 0:53:55]} Kd7 {[%emt 0:53:55]} 31. Bd5 {[%emt 0:53:37]} b6 {[%emt 0:53:37]} 32. a4 {[%emt 1:05:38]} a5 {[%emt 0:52:08]} 33. Kd2 {[%emt 1:03:43]} Ke7 {[%emt 0:52:45]} 34. Kd3 {[%emt 0:51:05]} Kf6 {[%emt 0:51:05]} 35. Kc4 {[%emt 0:49:58]} g5 {[%emt 0:49:58]} 36. Kb5 {[%emt 0:49:31]} g4 {[%emt 0:49:31]} 37. Kxb6 {[%emt 0:48:35]} Kg5 {[%emt 0:39:49]} 38. fxg4 {[%emt 0:39:49]} Nxg4 {[%emt 0:48:17]} 39. Kxa5 {[%emt 0:47:39]} Kh4 {[%emt 0:47:39]} 40. Rg1 {[%emt 0:36:02]} g5 {[%emt 0:47:33]} 41. Kb5 {[%emt 0:35:37]} Nf2 {[%emt 0:35:08]} 42. a5 {[%emt 0:43:04]} Nh3 {[%emt 0:34:46]} 43. Rh1 Kg4 1-0

[Event "30th NATO Chess-ch 2019"]
[Site "Berlin"]
[Date "2019.09.19"]
[Round "5.5"]
[White "Delfino, Luigi"]
[Black "Kersic, Matej"]
[Result "1-0"]
[WhiteElo "2235"]
[BlackElo "2122"]
[Annotator "ChessBase"]
[PlyCount "79"]
[EventDate "2019.09.16"]
[EventType "swiss"]
[EventCountry "GER"]
[SourceTitle "playchess.com"]
[Source "ChessBase"]
[SourceQuality "1"]
[TimeControl "40/7200:1800"]

1. e4 {[%emt 2:00:00]} c5 {[%emt 1:59:48]} 2. Nf3 {[%emt 1:53:38]} d6 {[%emt 1:53:38]} 3. d4 {[%emt 1:53:32]} cxd4 {[%emt 1:59:25]} 4. Nxd4 {[%emt 1:53:26]} Nf6 {[%emt 1:53:26]} 5. f3 {[%emt 1:59:12]} a6 {[%emt 1:57:10]} 6. c4 {[%emt 1:53:07]} e6 {[%emt 1:53:07]} 7. Nc3 {[%emt 1:52:16]} Be7 {[%emt 1:54:10]} 8. Be3 {[%emt 1:50:54]} Nc6 {[%emt 1:50:54]} 9. Be2 {[%emt 1:48:57]} Bd7 {[%emt 1:51:58]} 10. O-O {[%emt 1:51:58]} O-O {[%emt 1:47:47]} 11. Qd2 {[%emt 1:44:53]} Qb8 {[%emt 1:44:03]} 12. Kh1 {[%emt 1:44:03]} b5 {[%emt 1:35:42]} 13. cxb5 {[%emt 1:20:55]} Nxd4 {[%emt 1:20:55]} 14. Qxd4 {[%emt 1:20:04]} axb5 {[%emt 1:30:55]} 15. a3 {[%emt 1:11:18]} Qb7 {[%emt 1:11:18]} 16. Rfd1 {[%emt 0:52:48]} Rab8 {[%emt 0:52:48]} 17. Na2 {[%emt 1:04:55]} Rfd8 {[%emt 0:57:58]} 18. Rac1 {[%emt 0:43:44]} d5 {[%emt 0:43:44]} 19. e5 {[%emt 0:42:33]} Ne8 {[%emt 0:51:37]} 20. Nb4 {[%emt 0:39:28]} Rdc8 {[%emt 0:51:11]} 21. f4 {[%emt 0:35:41]} g6 {[%emt 0:35:41]} 22. Qa7 {[%emt 0:26:58]} Qxa7 {[%emt 0:50:11]} 23. Bxa7 {[%emt 0:26:56]} Ra8 {[%emt 0:49:56]} 24. Bd4 {[%emt 0:22:46]} h5 {[%emt 0:44:57]} 25. Nd3 {[%emt 0:18:12]} Ng7 {[%emt 0:43:56]} 26. Bc5 {[%emt 0:43:56]} Kf8 {[%emt 0:16:22]} 27. g4 {[%emt 0:39:51]} hxg4 {[%emt 0:37:19]} 28. Bxg4 {[%emt 0:13:52]} Ke8 {[%emt 0:33:45]} 29. Bxe7 {[%emt 0:13:41]} Kxe7 {[%emt 0:13:41]} 30. Rxc8 {[%emt 0:09:41]} Rxc8 {[%emt 0:09:41]} 31. Rc1 {[%emt 0:33:37]} Rxc1+ {[%emt 0:20:48]} 32. Nxc1 {[%emt 0:09:13]} d4 {[%emt 0:12:37]} 33. Nb3 {[%emt 0:07:56]} Bc6+ 34. Kg1 {[%emt 0:11:56]} d3 {[%emt 0:07:55]} 35. Kf2 {[%emt 0:11:19]} f5 {[%emt 0:08:58]} 36. Bd1 {[%emt 0:08:58]} Ne8 {[%emt 0:05:20]} 37. Nd4 {[%emt 0:04:53]} Kd7 {[%emt 0:07:22]} 38. Ke3 {[%emt 0:03:11]} Nc7 {[%emt 0:07:12]} 39. Nxc6 {[%emt 0:01:58]} Nd5+ {[%emt 0:01:58]} 40. Kd2 {[%emt 0:06:32]} 1-0

[Event "30th NATO Chess-ch 2019"]
[Site "Berlin"]
[Date "2019.09.19"]
[Round "5.6"]
[White "Casteleijn, Diederick"]
[Black "Pedersen, Finn"]
[Result "1-0"]
[WhiteElo "2079"]
[BlackElo "2305"]
[Annotator "ChessBase"]
[PlyCount "90"]
[EventDate "2019.09.16"]
[EventType "swiss"]
[EventCountry "GER"]
[SourceTitle "playchess.com"]
[Source "ChessBase"]
[SourceQuality "1"]
[TimeControl "40/7200:1800"]

1. Nf3 {[%emt 1:59:52]} d5 {[%emt 1:59:52]} 2. c4 {[%emt 1:59:21]} c6 {[%emt 1:59:21]} 3. e3 {[%emt 1:58:56]} Nf6 {[%emt 1:58:56]} 4. Nc3 {[%emt 1:59:06]} g6 {[%emt 1:58:40]} 5. d4 {[%emt 1:51:41]} Bg7 {[%emt 1:56:23]} 6. Be2 {[%emt 1:51:33]} O-O {[%emt 1:55:54]} 7. O-O {[%emt 1:51:27]} Bg4 {[%emt 1:45:21]} 8. Qb3 {[%emt 1:45:12]} Qb6 {[%emt 1:44:00]} 9. h3 {[%emt 1:44:00]} Bxf3 {[%emt 1:39:51]} 10. Bxf3 {[%emt 1:39:25]} e6 {[%emt 1:39:25]} 11. Na4 {[%emt 1:25:13]} Qxb3 {[%emt 1:25:13]} 12. axb3 {[%emt 1:38:12]} Nbd7 {[%emt 1:21:23]} 13. cxd5 {[%emt 1:18:02]} Nxd5 {[%emt 1:18:02]} 14. Bxd5 {[%emt 1:35:13]} exd5 {[%emt 1:33:57]} 15. Bd2 {[%emt 1:15:32]} f5 {[%emt 1:15:32]} 16. Bb4 {[%emt 1:33:09]} Rfe8 {[%emt 1:32:24]} 17. Bd6 {[%emt 1:32:24]} Re6 {[%emt 0:54:39]} 18. Bc7 {[%emt 0:51:56]} Rc8 {[%emt 1:26:56]} 19. Bf4 {[%emt 0:48:48]} Bf8 {[%emt 0:48:48]} 20. g4 {[%emt 0:38:28]} fxg4 {[%emt 1:17:36]} 21. hxg4 {[%emt 0:37:51]} Nf6 {[%emt 0:37:51]} 22. Nc3 {[%emt 0:37:21]} a6 {[%emt 0:37:21]} 23. g5 {[%emt 1:16:10]} Ne4 {[%emt 1:08:24]} 24. Nxe4 {[%emt 0:35:30]} Rxe4 {[%emt 0:35:30]} 25. f3 {[%emt 0:33:14]} Re6 {[%emt 0:33:14]} 26. Be5 {[%emt 0:32:58]} c5 {[%emt 1:03:08]} 27. Rac1 {[%emt 0:28:44]} Be7 {[%emt 0:52:28]} 28. f4 {[%emt 0:28:00]} Rec6 {[%emt 0:51:36]} 29. Rfd1 {[%emt 0:51:36]} c4 {[%emt 0:51:02]} 30. bxc4 {[%emt 0:16:09]} Rxc4 {[%emt 0:50:50]} 31. Rxc4 {[%emt 0:15:57]} Rxc4 {[%emt 0:50:44]} 32. e4 {[%emt 0:14:58]} dxe4 {[%emt 0:14:58]} 33. Kf2 {[%emt 0:13:58]} Rc2+ {[%emt 0:36:42]} 34. Ke3 {[%emt 0:13:50]} Rxb2 {[%emt 0:35:52]} 35. Kxe4 {[%emt 0:09:54]} Rb6 {[%emt 0:27:20]} 36. d5 {[%emt 0:27:20]} Bd6 {[%emt 0:23:44]} 37. Bxd6 {[%emt 0:03:51]} Rxd6 {[%emt 0:23:37]} 38. Ke5 {[%emt 0:03:49]} Rd8 {[%emt 0:22:48]} 39. Ke6 {[%emt 0:03:10]} Kf8 {[%emt 0:03:10]} 40. d6 {[%emt 0:22:13]} Re8+ {[%emt 0:21:20]} 41. Kf6 {[%emt 0:01:22]} b5 {[%emt 0:15:28]} 42. d7 {[%emt 0:00:34]} Rd8 {[%emt 0:00:34]} 43. Ke6 {[%emt 0:15:02]} b4 {[%emt 0:14:21]} 44. Rc1 {[%emt 0:44:21]} Ra8 45. Ra1 {Ke8 Kd7 Ng8} Z0 {Rh2} 1-0

[Event "30th NATO Chess-ch 2019"]
[Site "Berlin"]
[Date "2019.09.19"]
[Round "5.7"]
[White "Stentebjerg-Hansen, Per"]
[Black "Sypien, Mateusz"]
[Result "0-1"]
[WhiteElo "2178"]
[BlackElo "2243"]
[Annotator "ChessBase"]
[PlyCount "164"]
[EventDate "2019.09.16"]
[EventType "swiss"]
[EventCountry "GER"]
[SourceTitle "playchess.com"]
[Source "ChessBase"]
[SourceQuality "1"]
[TimeControl "40/7200:1800"]

1. d4 {[%emt 1:59:55]} Nf6 {[%emt 1:59:55]} 2. Nf3 {[%emt 1:59:35]} g6 {[%emt 1:59:48]} 3. Bg5 {[%emt 1:59:48]} Bg7 {[%emt 1:58:53]} 4. Nbd2 {[%emt 1:58:45]} d6 {[%emt 1:57:54]} 5. c3 {[%emt 1:57:54]} O-O {[%emt 1:56:23]} 6. e4 {[%emt 1:56:23]} Nbd7 {[%emt 1:52:00]} 7. Bc4 {[%emt 1:49:32]} h6 {[%emt 1:47:42]} 8. Bh4 {[%emt 1:48:34]} e5 {[%emt 1:47:20]} 9. dxe5 {[%emt 1:47:16]} dxe5 {[%emt 1:44:07]} 10. Qe2 {[%emt 1:44:07]} c6 {[%emt 1:46:14]} 11. a4 {[%emt 1:39:44]} Qc7 {[%emt 1:37:47]} 12. O-O {[%emt 1:37:47]} Re8 {[%emt 1:33:52]} 13. Rfd1 {[%emt 1:34:55]} Nf8 {[%emt 1:29:23]} 14. a5 {[%emt 1:26:38]} Ne6 {[%emt 1:26:49]} 15. Bxf6 {[%emt 1:26:49]} Bxf6 {[%emt 1:25:46]} 16. b4 {[%emt 1:25:46]} Kg7 {[%emt 1:09:00]} 17. Qe3 {[%emt 1:14:59]} Bd7 {[%emt 1:06:41]} 18. Bf1 {[%emt 1:13:04]} Ng5 {[%emt 0:58:44]} 19. c4 {[%emt 1:05:02]} b6 {[%emt 0:53:16]} 20. Nb3 {[%emt 0:56:20]} Nxf3+ {[%emt 0:48:44]} 21. Qxf3 {[%emt 0:55:56]} Be6 {[%emt 0:00:00]} 22. axb6 {[%emt 0:48:27]} axb6 {[%emt 0:48:18]} 23. c5 {[%emt 0:34:07]} Be7 {[%emt 0:45:10]} 24. cxb6 {[%emt 0:31:40]} Qxb6 {[%emt 0:44:57]} 25. Nc5 {[%emt 0:31:09]} Rxa1 {[%emt 0:38:00]} 26. Nxe6+ {[%emt 0:30:32]} fxe6 {[%emt 0:30:32]} 27. Rxa1 {[%emt 0:37:57]} Bxb4 {[%emt 0:32:36]} 28. Ra6 {[%emt 0:26:58]} Qc5 {[%emt 0:30:26]} 29. Ra2 {[%emt 0:23:21]} Rf8 {[%emt 0:23:21]} 30. Qg3 {[%emt 0:28:17]} Qd4 {[%emt 0:26:44]} 31. h3 {[%emt 0:11:21]} Bc5 {[%emt 0:23:14]} 32. Qd3 {[%emt 0:07:25]} Bb6 {[%emt 0:17:47]} 33. Rc2 {[%emt 0:06:23]} Rc8 {[%emt 0:14:28]} 34. Qa6 {[%emt 0:04:35]} Rc7 {[%emt 0:13:45]} 35. Qd3 {[%emt 0:04:26]} h5 {[%emt 0:09:43]} 36. Qc4 {[%emt 0:09:43]} Kf6 {[%emt 0:04:04]} 37. Qd3 {[%emt 0:03:52]} Qxd3 {[%emt 0:03:52]} 38. Bxd3 {[%emt 0:03:51]} Bd4 {[%emt 0:05:21]} 39. Kf1 {[%emt 0:02:53]} c5 {[%emt 0:04:55]} 40. Ke2 {[%emt 0:02:11]} Ra7 {[%emt 0:04:38]} 41. Bc4 {[%emt 0:28:46]} Ra1 {[%emt 0:28:46]} 42. Kf3 {[%emt 0:32:53]} Re1 {[%emt 0:27:46]} 43. h4 {[%emt 0:27:46]} Ra1 {[%emt 0:20:48]} 44. Ba2 {[%emt 0:20:17]} Ke7 {[%emt 0:25:22]} 45. Bc4 {[%emt 0:16:40]} Ra8 {[%emt 0:24:41]} 46. Ba2 {[%emt 0:15:33]} Rf8+ {[%emt 0:15:33]} 47. Kg3 {[%emt 0:15:29]} Rf4 {[%emt 0:15:29]} 48. f3 {[%emt 0:13:58]} Rf8 {[%emt 0:22:43]} 49. Bc4 {[%emt 0:13:36]} Rb8 {[%emt 0:22:03]} 50. Ra2 {[%emt 0:22:03]} Rb4 {[%emt 0:21:16]} 51. Rc2 {[%emt 0:21:16]} Rb1 {[%emt 0:20:06]} 52. Kh2 {[%emt 0:11:40]} Rb4 {[%emt 0:15:41]} 53. Ba2 {[%emt 0:10:52]} Kd6 {[%emt 0:10:52]} 54. Bc4 {[%emt 0:10:28]} Ra4 {[%emt 0:10:28]} 55. Bb5 {[%emt 0:09:38]} Rb4 {[%emt 0:10:30]} 56. Bc4 {[%emt 0:08:47]} Rb1 {[%emt 0:09:18]} 57. Ba2 {[%emt 0:08:34]} Rd1 {[%emt 0:09:10]} 58. Bc4 {[%emt 0:08:19]} Rb1 {[%emt 0:08:42]} 59. Ba2 {[%emt 0:07:57]} Ra1 {[%emt 0:08:38]} 60. Bc4 {[%emt 0:07:47]} Ke7 {[%emt 0:08:22]} 61. Ba2 {[%emt 0:07:41]} Kf6 {[%emt 0:08:09]} 62. Bc4 {[%emt 0:08:09]} Bg1+ {[%emt 0:07:53]} 63. Kg3 {[%emt 0:07:12]} Be3 {[%emt 0:07:01]} 64. Bb3 {[%emt 0:06:28]} Rh1 {[%emt 0:06:43]} 65. Bc4 {[%emt 0:05:46]} g5 {[%emt 0:06:31]} 66. hxg5+ {[%emt 0:06:31]} Kxg5 {[%emt 0:06:13]} 67. f4+ {[%emt 0:05:08]} exf4+ {[%emt 0:05:46]} 68. Kf3 {[%emt 0:05:01]} Kf6 {[%emt 0:05:01]} 69. Ra2 {[%emt 0:04:30]} Rc1 {[%emt 0:05:06]} 70. Ra4 {[%emt 0:03:52]} Ke5 {[%emt 0:04:47]} 71. Bb5 {[%emt 0:03:34]} Bd4 {[%emt 0:04:38]} 72. Bc4 {[%emt 0:03:09]} Rc3+ {[%emt 0:04:34]} 73. Ke2 {[%emt 0:03:01]} Rg3 {[%emt 0:04:11]} 74. Ra6 {[%emt 0:02:52]} Rxg2+ {[%emt 0:03:52]} 75. Kf1 {[%emt 0:02:26]} Rf2+ {[%emt 0:03:49]} 76. Ke1 {[%emt 0:02:24]} Kxe4 {[%emt 0:03:42]} 77. Rxe6+ {[%emt 0:02:18]} Kf5 {[%emt 0:03:15]} 78. Rh6 {[%emt 0:02:03]} Kg4 {[%emt 0:02:03]} 79. Be2+ {[%emt 0:01:52]} f3 {[%emt 0:02:45]} 80. Rg6+ {[%emt 0:01:39]} Kf4 {[%emt 0:02:35]} 81. Bd3 {[%emt 0:01:29]} Rg2 {[%emt 0:02:30]} 82. Rd6 {[%emt 0:01:11]} Ke3 {[%emt 0:02:21]} 0-1